| 000 | 00926nam a2200229Ia 4500 | ||
|---|---|---|---|
| 001 | 15071 | ||
| 003 | GE_BSU | ||
| 008 | 181216s||||||||xx |||||||||||||| ||und|| | ||
| 040 | _cGE_BSU | ||
| 080 | _a821.353.1-32 | ||
| 100 | _aყაზბეგი, ალექსანდრე | ||
| 245 | _aთხზულებათა სრული კრებული : 4 ტომად | ||
| 245 | _bტ. 2 : [თხზულებანი] | ||
| 245 | _cშენიშვნები - ს. ყუბანეიშვილის | ||
| 260 | _aთბილისი | ||
| 260 | _bსაბჭოთა მწერალი | ||
| 260 | _c1948 | ||
| 300 | _a564გვ;23სმ; | ||
| 300 | _bფაქსი, სურათი, დანართი.ა. ყაზბეგის ლექსიკონი შ. ძიძიგური,გვ:535-562. | ||
| 653 | _a[თხზულებანი] | ||
| 942 | _cBK | ||
| 999 |
_c48189 _d48189 |
||